Paroles - L'Aziza - Daniel Balavoine - Statistiques

Statistiques générales
  • Ce quiz a été pris 1 579 fois
  • Le résultat moyen est 245 sur 309
Statistiques - réponses
Réponse % Correct
de
99%
97%
la
97%
moi
97%
moi,
97%
a
96%
tu
96%
Tu
96%
L'Aziza
95%
L'Aziza,
95%
Si
93%
si
93%
te
93%
Je
92%
veux
92%
ce
91%
Ce
91%
ne
90%
Ne
90%
un
90%
pas
89%
Ta
89%
ta
89%
ça,
88%
pour
88%
que
87%
Que
87%
Au
85%
en
84%
n'est
84%
Petite
84%
Dans
83%
est
83%
problème
83%
vie
83%
et
82%
Et
82%
ou
81%
le
80%
tout
80%
avec
78%
crois
78%
là-bas
78%
me
78%
milieu
78%
ici
77%
Danse
76%
autour
74%
rue
74%
tes
73%
ton
73%
va
73%
d'un
72%
Oh
72%
oh
72%
une
72%
vives
72%
c'est
71%
drap
70%
Fille
69%
couleur
68%
casa
66%
enroulée
66%
mots
65%
brune
64%
comme
64%
on
64%
les
63%
peau
62%
Ses
62%
sûr
62%
sur
62%
yeux
62%
droit
61%
Elle
61%
toi
61%
qu'elle
60%
Qui
60%
choix
59%
force
59%
Il
59%
n'as
59%
fardeau
58%
porte
58%
soit
58%
réponse
57%
étoile
56%
rien
56%
veut
56%
jaune
54%
remplis
54%
Cherchent
53%
croit
53%
n'y
53%
pourquoi
52%
quand
51%
contre
49%
casbah
48%
Court
48%
loi
48%
soir
48%
vraiment
46%
regards
44%
Laisse
43%
marches
42%
roi
42%
mauvais
41%
prophète
40%
enfant
39%
trembles
39%
pèsent
38%
glisser
37%
Oh oh oh
12%
Aucun quiz correspondant
Distribution des résultats
% des personnes avec chaque résultat
Percentile par nombre de réponses
Votre historique - résultats
Vous n’avez pas pris ce quiz